André Baillon portrait d` une folie: Essai

Enregistré dans:
Détails bibliographiques
Auteur principal: Binot, Lucien
Format: Livre
Langue:Undetermined
Publié: Bélgica Le Cri 2001
Sujets:
Tags: Ajouter un tag
Pas de tags, Soyez le premier à ajouter un tag!

MARC

LEADER 00000nam a2200000Ia 4500
008 170316s9999 xx 000 0 und d
040 |a cru BVZT 
090 |a 840 B-19.1a 
100 |a Binot, Lucien 
245 |a André Baillon portrait d` une folie: Essai 
260 |a Bélgica 
260 |b Le Cri 
260 |c 2001 
300 |a 325 páginas 
650 |a LITERATURA FRANCESA 
650 |a ENSAYOS 
999 |c 7498  |d 7498 
942 |c 15 D  |h 840 B-19.1a  |2 z